00664 2200253 4500001002100000005001500021035002000036007000300056008004100059020001800100082001000118084001600128100002000144245006800164250001100232260003700243300002400280650002100304856002100325990001600346990001600362990001600378990001600394INLIS00000000000442420221123103349 a0010-1122000098ta221123 0 ind  a9786235690148 a025.4 a025.4 AND p0 aAndri Kristanto1 aPerancangan sistem informasi dan aplikasinya /cAndri Kristanto aCet. 1 aYogyakarta. :bGava media,c2022 axvi,210p. ;c23 cm. asistem informasi asistem informasi a00000008589 a00000008588 a00000008588 a00000008589